MARC

LEADER 00000nam0a2200000 4500
001 51822
005 20231031040931.0
035 |a (RuTPU)RU\TPU\book\54258 
090 |a 51822 
100 |a 20030512d1966 km y0rusy50 ca 
101 0 |a rus 
102 |a RU 
105 |a a z 001zy 
200 1 |a Регулирование скорости вращения мощных асинхронных двигателей  |f А. С. Сандлер 
210 |a Москва  |c Энергия  |d 1966  |a Ленинград 
215 |a 320 с.  |c ил. 
320 |a Библиогр.: с. 316-317 
610 1 |a электродвигатели 
610 1 |a электродвигатели асинхронные 
610 1 |a регулирование 
610 1 |a электроприводы 
610 1 |a электромашиностроение 
610 1 |a контактные кольца 
610 1 |a вращение 
610 1 |a скорость 
675 |a 621.313.333  |v 3 
700 1 |a Сандлер  |b А. С.  |g Абрам Соломонович 
801 1 |a RU  |b 63413507  |c 20030512  |g PSBO 
801 2 |a RU  |b 63413507  |c 20221202  |g PSBO 
942 |c BK